Statistics for Top 10 Most Densely-Populated Countries in Asia

Click here to take the quiz!

General Stats

  • This quiz has been taken 24,634 times
    (24,558 since last reset)
  • The average score is 7 of 10

Answer Stats

Density Country % Correct
416India
88%
8,116Singapore
87%
1,167Bangladesh
83%
512South Korea
78%
656Taiwan
74%
389Israel
68%
361Philippines
64%
2,101Bahrain
57%
581Lebanon
52%
1,514Maldives
36%

Score Distribution

Percentile by Number Answered

Percent of People with Each Score

Your Score History

You have not taken this quiz since the last reset